| 000 | 00480nam a2200193Ia 4500 | ||
|---|---|---|---|
| 005 | 20250423094752.0 | ||
| 008 | 250422s9999 xx 000 0 und d | ||
| 020 | _a9789380704906 | ||
| 050 | _aRB 40 .V37/ | ||
| 100 | _aVasudevan D. M. | ||
| 245 | 0 | _aClinical chemistry made easy | |
| 250 | _a1st ed. | ||
| 260 | _aNew Delhi | ||
| 260 | _bJaypee Brothers Medical Publisher | ||
| 260 | _c2011 | ||
| 300 | _a508 p | ||
| 650 | _a Clinical chemistry. | ||
| 942 | _cBK | ||
| 999 |
_c28235 _d28235 |
||